000 00623nam a2200229Ia 4500
003 OSt
005 20221007071553.0
006 a|||||r|||| 00| 0
007 ta
008 221006b |||||||| |||| 00| 0 eng d
024 _a9,659
037 _cReference Collections
040 _aFLL
_cFLL
_beng
041 _2eng
_aeng
082 _aZ,91, M0
100 _aFinnis John Au.
_9689018
245 0 _aNatural law and natural rigths
260 _aLondon
_bClarendon press London
_c1980
300 _a425p
_ccm.
942 _hZ,91, M0
_cREF
_2CC
999 _c1143711
_d1143711